[Event "GER-ch U10"]
[Site "Willingen"]
[Date "2018.05.25"]
[Round "10"]
[White "Nitsche, Nikolai"]
[Black "Kempe, Caius Emilian"]
[Result "0-1"]
[WhiteElo "1772"]
[BlackElo "1525"]
[PlyCount "140"]
[EventDate "2018.05.19"]
[EventType "swiss"]
[EventRounds "11"]
[EventCountry "GER"]
[SourceTitle "CBM 184 Extra"]
[Source "ChessBase"]
[SourceDate "2018.06.28"]
[SourceVersion "1"]
[SourceVersionDate "2018.06.28"]
[SourceQuality "1"]

1. e4 c5 2. Nf3 d6 3. d4 cxd4 4. Qxd4 a6 5. c4 Nc6 6. Qe3 g6 7. h3 Bg7 8. Be2 Nf6 9. Nc3 0-0 10. 0-0 Be6 11. Rb1 Qc7 12. b3 Qa5 13. Bb2 Rfc8 14. Rfd1 Na7 15. Nd4 Bd7 16. Bf3 Rab8 17. Qd2 b5 18. cxb5 Nxb5 19. Ndxb5 axb5 20. Nd5 Qxd2 21. Rxd2 Nxd5 22. exd5 Bxb2 23. Rdxb2 b4 24. Re1 e6 25. Bg4 Re8 26. Rbe2 f5 27. dxe6 Bb5 28. Bf3 Bxe2 29. Rxe2 Re7 30. Rd2 Rb6 31. Bd5 Kg7 32. f4 h6 33. Kf2 g5 34. g3 Ra6 35. Kf3 Ra5 36. Bc4 d5 37. Bxd5 Kf6 38. fxg5+ hxg5 39. Bc4 Rc5 40. Rd6 Ra5 41. Rd2 Rc5 42. Rd6 Rcc7 43. g4 fxg4+ 44. Kxg4 Ra7 45. Rd2 Ra5 46. Rf2+ Kg6 47. Bd3+ Kg7 48. Bc4 Rc5 49. Rf5 Rxf5 50. Kxf5 Ra7 51. Kxg5 Kf8 52. Kf5 Rxa2 53. Ke5 Rd2 54. h4 Ke7 55. Kf5 Rh2 56. Kg5 Rc2 57. h5 Rxc4 58. bxc4 b3 59. h6 b2 60. h7 b1Q 61. h8Q Qg1+ 62. Kh6 Qh2+ 63. Kg7 Qe5+ 64. Kg8 Qxe6+ 65. Kh7 Qf5+ 66. Kh6 Qh3+ 67. Kg7 Qg4+ 68. Kh6 Qh4+ 69. Kg7 Qg5+ 70. Kh7 Kf7 0-1

[Event "Oberliga Nord O 1718"]
[Site "Germany"]
[Date "2018.02.25"]
[Round "7.8"]
[White "Nitsche, Nikolai"]
[Black "Schmidt, Jevgen"]
[Result "1/2-1/2"]
[WhiteElo "1780"]
[BlackElo "1822"]
[PlyCount "102"]
[EventDate "2017.10.08"]
[EventType "team-tourn"]
[EventRounds "9"]
[EventCountry "GER"]
[SourceTitle "EXT 2019"]
[Source "ChessBase"]
[SourceDate "2018.10.10"]
[SourceVersion "1"]
[SourceVersionDate "2018.10.10"]
[SourceQuality "1"]
[WhiteTeam "Berlin Empor"]
[BlackTeam "Berlin Makkabi"]
[WhiteTeamCountry "GER"]
[BlackTeamCountry "GER"]

1. e4 d6 2. d4 Nf6 3. Bd3 e5 4. Nf3 Bg4 5. c3 Nc6 6. Be3 Be7 7. d5 Nb8 8. Qb3 Qc8 9. c4 0-0 10. Nc3 c6 11. h3 Bh5 12. g4 Bg6 13. Nh4 cxd5 14. cxd5 Nbd7 15. Nf5 Re8 16. h4 h5 17. Nxe7+ Rxe7 18. g5 Ne8 19. 0-0-0 Nc5 20. Qc2 b5 21. Bxc5 Qxc5 22. Nxb5 Qb6 23. Nc3 Rc8 24. Kb1 Rec7 25. Ka1 Rb7 26. Qd2 Nc7 27. Rc1 Rcb8 28. Na4 Qb4 29. Qxb4 Rxb4 30. Rxc7 Rxa4 31. f3 Rd4 32. Rd1 f5 33. gxf6 gxf6 34. Rxa7 Rc8 35. a3 Be8 36. Rg1+ Kh8 37. Ba6 Rb8 38. Bb7 Rd3 39. Bc6 Rxf3 40. Bxe8 Rxe8 41. Rgg7 Rf1+ 42. Ka2 Rf4 43. Rh7+ Kg8 44. Rag7+ Kf8 45. Rd7 Kg8 46. Rxh5 Rxe4 47. Rxd6 Rf4 48. Rc6 e4 49. d6 Rd8 50. Rd5 Rxh4 51. d7 Kf7 1/2-1/2

[Event "GER-chT U10"]
[Site "Magdeburg"]
[Date "2017.12.29"]
[Round "7.1"]
[White "Nitsche, Nikolai"]
[Black "Kluehs, Gustaf"]
[Result "1/2-1/2"]
[WhiteElo "1650"]
[BlackElo "1682"]
[PlyCount "48"]
[EventDate "2017.12.27"]
[EventType "team-swiss"]
[EventRounds "7"]
[EventCountry "GER"]
[SourceTitle "EXT 2019"]
[Source "ChessBase"]
[SourceDate "2018.10.10"]
[SourceVersion "1"]
[SourceVersionDate "2018.10.10"]
[SourceQuality "1"]
[WhiteTeam "Berlin Empor"]
[BlackTeam "Friedrichsfelde Borussia"]
[WhiteTeamCountry "GER"]
[BlackTeamCountry "GER"]

1. e4 c5 2. Nf3 Nc6 3. d4 cxd4 4. Nxd4 Nf6 5. Nc3 e5 6. Nf3 Bb4 7. Bd3 0-0 8. 0-0 d6 9. Bg5 Bxc3 10. bxc3 Bg4 11. Rb1 b6 12. Bb5 Na5 13. Qe2 h6 14. Bh4 g5 15. Bg3 Bh5 16. Rfd1 Qc7 17. h4 g4 18. Nh2 Kh7 19. Kh1 Rad8 20. Qe3 Nb7 21. Rd2 Nc5 22. f3 gxf3 23. gxf3 Rg8 24. Rg2 a6 1/2-1/2